000 00665nam a2200205 i 4500
001 49147
003 ES-MaACL
005 20250907063042.0
007 t|
008 030708s1971 sp ||||1| spa d
080 _a811.41'366.533(043.2)
100 1 _aCorriente, Federico,
_d1940-
_9154914
245 1 0 _aProblemática de la pluralidad en semítico
_b: el plural fracto /
_cFederico Corriente.
260 _aMadrid :
_bInstituto Benito Arias Montano,
_c1971.
300 _aXIV, 141 p. :
_bil. ;
_c25 cm.
650 4 _aLenguas semíticas.
_9136390
710 2 _aInstituto "Arias Montano"
_94797
852 _aES-MaACL
_jC-39055
999 _c49147
_d49147